Budú sprivatizované majetky prinášať úrodu? Farmárski manažéri - nová profesia na poliach

Postup privatizácie v poľnohospodárstve na Slovensku. Výchova farmárskych manažérov v USA. Privatizácia štátnych majetkov - spolupráca s vysokými školami. Spájanie vedeckého potenciálu s potrebami poľnohospodárskej práce.

Gespeichert in:
Bibliographische Detailangaben
1. Verfasser: Pitoňáková, K.
Weitere Verfasser: Luptáková, O.
Format: Buchkapitel
Sprache:Slowakisch
Schlagworte:
Tags: Tag hinzufügen
Keine Tags, Fügen Sie das erste Tag hinzu!

MARC

LEADER 00000naa a2200000 4500
001 r000320
005 20221205090849.6
041 0 |a slo 
044 |a SK 
245 1 0 |a Budú sprivatizované majetky prinášať úrodu?  |b Farmárski manažéri - nová profesia na poliach  |c K. Pitoňáková, O. Luptáková 
520 |a Postup privatizácie v poľnohospodárstve na Slovensku. Výchova farmárskych manažérov v USA. Privatizácia štátnych majetkov - spolupráca s vysokými školami. Spájanie vedeckého potenciálu s potrebami poľnohospodárskej práce. 
610 2 0 |a privatizácia 
610 2 0 |a poľnohospodárstvo 
610 2 0 |a majetky štátne 
610 2 0 |a reštrukturalizácia 
610 2 0 |a Slovensko 
610 2 0 |a farmy 
610 2 0 |a manažéri 
610 2 0 |a USA 
100 1 |a Pitoňáková, K. 
700 1 |a Luptáková, O.